[Event "FRA-chT2 0304"]
[Site "France"]
[Date "2004.01.17"]
[Round "5"]
[White "Colnel, Pierre Marie"]
[Black "Kassab, Faouzi"]
[Result "1-0"]
[WhiteElo "2060"]
[BlackElo "1570"]
[PlyCount "87"]
[EventDate "2003.10.??"]
[EventType "team"]
[EventRounds "11"]
[EventCountry "FRA"]
[SourceTitle "EXT 2005"]
[Source "ChessBase"]
[SourceDate "2004.11.15"]
[SourceVersion "1"]
[SourceVersionDate "2004.11.15"]
[SourceQuality "1"]

1. d4 Nf6 2. c4 d5 3. cxd5 Nxd5 4. e4 Nf6 5. Nc3 e6 6. Bg5 Be7 7. Nf3 c6 8. Be2 0-0 9. 0-0 Re8 10. h3 Nbd7 11. Rc1 Nb6 12. a3 Kh8 13. Ne5 Kg8 14. b4 Nxe4 15. Bxe7 Nxc3 16. Bxd8 Nxd1 17. Bxb6 axb6 18. Rfxd1 Rxa3 19. b5 f6 20. Nc4 Ra2 21. Nd6 Rd8 22. Nxc8 Rxe2 23. bxc6 bxc6 24. Nxb6 Rb2 25. Rxc6 Kf7 26. Rc7+ Kg6 27. Nc4 Rc2 28. Ne5+ fxe5 29. Rxc2 exd4 30. f4 Kf5 31. Rcd2 e5 32. fxe5 Kxe5 33. Kf2 Rd7 34. Ra1 Ke4 35. Ra4 h6 36. Rda2 Kd3 37. Ra7 Rd6 38. Rxg7 Kc3 39. Rg3+ d3 40. Ke1 h5 41. Kd1 h4 42. Rg8 d2 43. Rc2+ Kb3 44. Rxd2 1-0